Tublatanka

Bibliographic Details
Corporate Author: Tublatanka (hudobná skupina) (Performer)
Format: CD Audio
Language:Slovak
PhysicalDescription:1 zvuková platňa digital, stereo 12 cm
Published: Bratislava Opus 2007
Series:Slovenské legendárne albumy
Hudobná edícia denníka SME
Subjects:

MARC

LEADER 00000njm a2200000 a 4500
001 vtls009142870
003 SK-MaSNL
005 20260302042938.0
007 sd fsngnnmmned
008 251029p2007 xo ppn gs slo
015 |a SNBJ2007 
028 0 1 |a 91 0008-2  |b OPUS 
040 |a SNK  |b slo  |c SNK  |e AACR2 
041 0 |a slo 
044 |a xo  |c SK 
072 7 |a 784  |x Vokálna hudba  |2 konspekt 
080 |a 784.4  |2 2001 
080 |a (086.76)  |2 2001 
245 0 0 |a Tublatanka  |h zvukový záznam 
260 |a Bratislava  |b Opus  |c 2007 
300 |a 1 zvuková platňa  |b digital, stereo  |c 12 cm 
490 1 |a Slovenské legendárne albumy  |v 4 
490 1 |a Hudobná edícia denníka SME 
500 |a Obsahuje 11 piesní 
511 0 |a Účinkuje Tublatanka 
518 |a Nahrané v štúdiu OPUSu, február-marec 1984 
650 0 7 |a populárne piesne  |2 SNKPH  |9 3446 
650 0 7 |a rock  |2 SNKPH  |9 3179 
655 7 |a kompaktné platne  |2 SNKPH  |9 70690 
710 2 |a Tublatanka (hudobná skupina)  |4 prf  |9 32481 
830 0 |a Slovenské legendárne albumy  |9 316003 
830 0 |a Hudobná edícia denníka SME  |9 316004 
999 |c 1084796  |d 1086726 
952 |a SNK  |b SNK  |y PREZ  |7 0  |p 17A0562525  |o snkSCD 2107  |i snk2007/20972  |8 0  |0 0  |1 0  |4 0  |d 2007-09-24  |l 0  |r 2026-02-24 16:37:38  |w 2026-02-24 
952 |a SNK  |b SNK  |y PREZ  |7 0  |p 17A0581085  |o snkSCD 2107 D1  |i snk2008/6062  |8 0  |0 0  |1 0  |4 0  |d 2008-03-11  |l 0  |r 2026-02-24 16:37:38  |w 2026-02-24